[Event "ESP-ch U14 rapid"]
[Site "Salobrena"]
[Date "2023.07.23"]
[Round "5"]
[White "Rojas Fernandez, Antonio"]
[Black "Vidondo Aguirrebalzategui, Antso"]
[Result "1-0"]
[WhiteElo "1679"]
[BlackElo "1332"]
[PlyCount "117"]
[EventDate "2023.07.22"]
[EventType "swiss (rapid)"]
[EventRounds "9"]
[EventCountry "ESP"]
[SourceTitle "EXT 2024"]
[Source "ChessBase"]
[SourceDate "2023.10.10"]
[SourceVersion "1"]
[SourceVersionDate "2023.10.10"]
[SourceQuality "1"]

1. e4 c5 2. Nf3 Nc6 3. d4 cxd4 4. Nxd4 Nf6 5. Nc3 e5 6. Ndb5 d6 7. Bg5 a6 8. Na3 b5 9. Nd5 Be7 10. Bxf6 Bxf6 11. c3 Be6 12. Nc2 0-0 13. Nce3 Bxd5 14. Nxd5 Rc8 15. Bd3 Bg5 16. h4 Be7 17. Qe2 Re8 18. h5 Bf8 19. Qg4 h6 20. Rh3 Qg5 21. Qxg5 hxg5 22. Rh1 Ne7 23. Nxe7+ Bxe7 24. a4 b4 25. cxb4 d5 26. b5 dxe4 27. Bxe4 a5 28. Ke2 Rc4 29. Bc6 Rb8 30. Rhc1 Rb4 31. Rc2 f5 32. Bd5+ Kh7 33. b3 e4 34. Bc4 Bf6 35. Rd1 f4 36. Rd7 g4 37. f3 exf3+ 38. gxf3 g3 39. Kf1 Re8 40. Re2 Rc8 41. Kg2 Rcxc4 42. bxc4 Rxc4 43. b6 Rxa4 44. b7 Rb4 45. Ra2 a4 46. Kh3 Kh6 47. Rc2 a3 48. Rd3 Rxb7 49. Rxa3 Re7 50. Ra5 Re3 51. Kg2 Rb3 52. Rf5 Rb4 53. Rd5 Bg5 54. Rc6+ Bf6 55. Rd2 Kh7 56. Kh3 Kh6 57. Rc5 Ra4 58. Kg4 Rb4 59. Rf5 1-0

[Event "ESP-ch U14 rapid"]
[Site "Salobrena"]
[Date "2023.07.23"]
[Round "6"]
[White "Vidondo Aguirrebalzategui, Antso"]
[Black "Mares, Mario Gabriel"]
[Result "1/2-1/2"]
[WhiteElo "1332"]
[BlackElo "1665"]
[PlyCount "93"]
[EventDate "2023.07.22"]
[EventType "swiss (rapid)"]
[EventRounds "9"]
[EventCountry "ESP"]
[SourceTitle "EXT 2024"]
[Source "ChessBase"]
[SourceDate "2023.10.10"]
[SourceVersion "1"]
[SourceVersionDate "2023.10.10"]
[SourceQuality "1"]

1. d4 Nf6 2. Bg5 d5 3. Bxf6 gxf6 4. Nf3 c5 5. e3 Bg4 6. Be2 Nc6 7. h3 Bxf3 8. Bxf3 e6 9. Nc3 cxd4 10. exd4 Qb6 11. Qd2 Nxd4 12. 0-0-0 Nxf3 13. gxf3 0-0-0 14. Qd3 Kb8 15. Qe3 Qxe3+ 16. fxe3 Bh6 17. Rde1 d4 18. Nd1 dxe3 19. Nxe3 Rhg8 20. Kb1 Bxe3 21. Rxe3 Rg2 22. Rc3 Rh2 23. Re1 Rxh3 24. a3 h5 25. Re4 Rh1+ 26. Ka2 h4 27. Rcc4 h3 28. Rh4 h2 29. Rh7 a6 30. Rch4 Rd2 31. Kb3 Rf2 32. Rxf7 Rxf3+ 33. c3 Rf2 34. Rhh7 Rd1 35. Rxb7+ Kc8 36. Rbc7+ Kd8 37. Ra7 Rd7 38. Ra8+ Kc7 39. Ra7+ Kc6 40. Raxd7 h1Q 41. Rc7+ Kb6 42. Rxh1 Kxc7 43. Rh7+ Kb6 44. Re7 e5 45. Re6+ Kb7 46. c4 Rf4 47. Kc3 1/2-1/2

[Event "ESP-ch U12"]
[Site "Salobrena"]
[Date "2021.07.08"]
[Round "6"]
[White "Vidondo Aguirrebalzategui, Antso"]
[Black "Jubin Diez, Damien"]
[Result "0-1"]
[WhiteElo "1150"]
[BlackElo "1344"]
[PlyCount "92"]
[EventDate "2021.07.05"]
[EventType "swiss"]
[EventRounds "9"]
[EventCountry "ESP"]
[SourceTitle "EXT 2022"]
[Source "ChessBase"]
[SourceDate "2021.10.06"]
[SourceVersion "1"]
[SourceVersionDate "2021.10.06"]
[SourceQuality "1"]

1. e4 c5 2. Nf3 d6 3. Bb5+ Bd7 4. Bxd7+ Qxd7 5. 0-0 Nf6 6. e5 dxe5 7. Nxe5 Qc7 8. Re1 e6 9. Nc3 a6 10. d4 cxd4 11. Qxd4 Bc5 12. Qd3 0-0 13. Qg3 Nbd7 14. Bh6 Nh5 15. Qg5 f6 16. Qxh5 Nxe5 17. Bf4 g6 18. Qe2 Bd6 19. Rad1 Nf3+ 20. Qxf3 Bxf4 21. Rxe6 Bxh2+ 22. Kh1 Be5 23. Qd5 Rad8 24. Qb3 Kg7 25. Rb6 Bxc3 26. Rf1 Rf7 27. bxc3 Rfd7 28. g3 h5 29. Qe6 Rd6 30. Qe3 Qxb6 31. Qe7+ Kh6 32. Qe4 Qc6 33. Qxc6 Rxc6 34. Re1 Rcd6 35. Re7 R8d7 36. Re3 Rd2 37. Kg2 Rxc2 38. Re6 Rxa2 39. Rxf6 Rdd2 40. Rf7 a5 41. Rxb7 Rxf2+ 42. Kg1 Rfb2 43. Rxb2 Rxb2 44. g4 a4 45. g5+ Kxg5 46. c4 a3 0-1

[Event "ESP-ch U12"]
[Site "Salobrena"]
[Date "2021.07.05"]
[Round "1"]
[White "Rodriguez Canovas, Elena"]
[Black "Vidondo Aguirrebalzategui, Antso"]
[Result "1-0"]
[WhiteElo "1506"]
[BlackElo "1150"]
[PlyCount "52"]
[EventDate "2021.07.05"]
[EventType "swiss"]
[EventRounds "9"]
[EventCountry "ESP"]
[SourceTitle "EXT 2022"]
[Source "ChessBase"]
[SourceDate "2021.10.06"]
[SourceVersion "1"]
[SourceVersionDate "2021.10.06"]
[SourceQuality "1"]

1. d4 Nf6 2. Nf3 d5 3. e3 Bf5 4. Bd3 Be4 5. Qe2 c6 6. Nbd2 e6 7. b3 Bb4 8. 0-0 0-0 9. Bb2 Qd6 10. Ne5 c5 11. Bxe4 dxe4 12. Ndc4 Qc7 13. a3 Ba5 14. dxc5 Qe7 15. b4 Bc7 16. Nd2 Nfd7 17. Nxd7 Nxd7 18. Nxe4 Qh4 19. f4 e5 20. Rad1 Nf6 21. Nd6 Rfd8 22. fxe5 Ng4 23. h3 Nh6 24. Qf3 b6 25. Nxf7 Rf8 26. Rd7 Qh5 1-0